000
00316 a2200145 4500
001
76106
040
_c
Anchieta - Colégio São Paulo
100
_a
Machado, Ana Maria
240
1
0
_a
O velho do mar
_l
por
245
1
0
_a
O velho do mar
300
_a
56
362
0
_a
2010
650
4
_a
Literatura juvenil
942
_c
BK
999
_c
76106
_d
76106